000 00312nam a2200133Ia 4500
003 OSt
005 20240216095300.0
008 170524s9999 xx 000 0 und d
020 _a 9781259062537
040 _cIIMT UNIVERSITY MEERUT
100 _aLIPSCHUTZ S
245 0 _aDISCRETE MATHEMATHICS
942 _2ddc
_c02
999 _c4511
_d4511